000 00296nam a2200109Ia 4500
008 220204s9999 xx 000 0 und d
100 _aKothari, D V
245 0 _aAdvances in Library and Information Science
260 _aJodhpur
_bScientific Publishers
_c2005
700 _aOjha, D C
942 _cBK
999 _c42429
_d42429